[Event "Copenhagen Chess Challenge"]
[Site "Taastrup"]
[Date "2005.??.??"]
[Round "9"]
[White "Moller, Frederik Oest"]
[Black "Smith, Axel"]
[Result "0-1"]
[WhiteElo "1824"]
[BlackElo "2139"]
[PlyCount "58"]
[EventDate "2005.04.20"]
[EventType "swiss"]
[EventRounds "9"]
[EventCountry "DEN"]
[SourceTitle "EXT 2018"]
[Source "ChessBase"]
[SourceDate "2017.10.13"]
[SourceVersion "1"]
[SourceVersionDate "2017.10.13"]
[SourceQuality "1"]

1. e4 e6 2. d4 d5 3. Nc3 Bb4 4. e5 c5 5. a3 cxd4 6. axb4 dxc3 7. Nf3 Nd7 8. Bd3 Qc7 9. 0-0 Nxe5 10. Bf4 f6 11. Nxe5 fxe5 12. Qh5+ Qf7 13. Bb5+ Kf8 14. Qxe5 cxb2 15. Ra3 Nf6 16. Rf3 Qe7 17. Qxb2 Kf7 18. Be5 Rf8 19. Qd4 Kg8 20. Qh4 Rf7 21. Rh3 h6 22. f4 Qxb4 23. Bd3 Ne4 24. Kh1 Bd7 25. Qg4 Qe1 26. Bd4 Qb4 27. Be5 Bb5 28. Re3 Bxd3 29. Rxd3 Nf2+ 0-1

[Event "Politiken Cup 26th"]
[Site "Copenhagen"]
[Date "2004.07.25"]
[Round "3"]
[White "Johansen, Paul Arne"]
[Black "Moller, Frederik Oest"]
[Result "1-0"]
[WhiteElo "2117"]
[BlackElo "1832"]
[PlyCount "59"]
[EventDate "2004.07.24"]
[EventType "swiss"]
[EventRounds "10"]
[EventCountry "DEN"]
[SourceTitle "CBM 101 Extra"]
[Source "ChessBase"]
[SourceDate "2004.09.01"]
[SourceVersion "2"]
[SourceVersionDate "2004.09.01"]
[SourceQuality "1"]

1. g3 d5 2. Bg2 c5 3. Nf3 Nc6 4. d4 cxd4 5. Nxd4 e5 6. Nxc6 bxc6 7. c4 e4 8. Nc3 Bb7 9. cxd5 cxd5 10. Bf4 Bc5 11. 0-0 Ne7 12. Qb3 Qb6 13. Nb5 0-0 14. Rac1 Rac8 15. Bc7 Rxc7 16. Nxc7 Qxc7 17. Qa3 Rc8 18. b4 Bxb4 19. Qxb4 Qxc1 20. Rxc1 Rxc1+ 21. Bf1 Rc7 22. Qd6 Rc8 23. Qxe7 Ba8 24. Bh3 Rf8 25. Qxa7 h6 26. Bd7 Rd8 27. Qc7 Rf8 28. e3 Kh7 29. Bc6 Bxc6 30. Qxc6 1-0

[Event "DEN-ch B5 Gr2 "]
[Site "Koge"]
[Date "2004.04.??"]
[Round "5"]
[White "Sorensen, Soren Thomas"]
[Black "Moller, Frederik Oest"]
[Result "1-0"]
[WhiteElo "1754"]
[BlackElo "1689"]
[PlyCount "133"]
[EventDate "2004.04.08"]
[EventType "swiss"]
[EventRounds "5"]
[EventCountry "DEN"]
[SourceTitle "EXT 2023"]
[Source "ChessBase"]
[SourceDate "2022.10.05"]
[SourceVersion "1"]
[SourceVersionDate "2022.10.05"]
[SourceQuality "1"]

1. c4 e6 2. Nc3 d5 3. e3 Nf6 4. d4 a6 5. b3 b6 6. Nf3 c5 7. Ba3 Nbd7 8. dxc5 Nxc5 9. cxd5 exd5 10. Be2 Be7 11. 0-0 0-0 12. Nd4 Qd7 13. Bb2 Bb7 14. Bf3 Rac8 15. Nce2 Bd6 16. Ng3 Bc7 17. Ndf5 Bxg3 18. Nxg3 Qe6 19. Qd4 Ncd7 20. Rac1 Rfe8 21. Nh5 Nxh5 22. Bxh5 Nf6 23. Bf3 Qd6 24. Rfd1 Rcd8 25. Rd2 Re7 26. Rdc2 Ne8 27. Bc3 Qg6 28. Qh4 Red7 29. Bd4 Rc8 30. Rxc8 Bxc8 31. h3 Bb7 32. Qg4 Qxg4 33. Bxg4 Rd6 34. Bc8 Bxc8 35. Rxc8 Kf8 36. Rb8 Ke7 37. Rxb6 Rxb6 38. Bxb6 Kd6 39. Bd4 g6 40. Kf1 Nc7 41. Ke2 Kc6 42. Kd3 Ne6 43. f4 f5 44. a4 Kd6 45. Kc3 Nd8 46. b4 Kc6 47. Kd3 Ne6 48. g4 Nc7 49. gxf5 gxf5 50. Ke2 Kd7 51. Kf3 Ke6 52. Kg3 Kf7 53. Kh4 Kg6 54. Be5 Na8 55. a5 Kh6 56. Kg3 Kg6 57. Bd6 Kf6 58. Kf3 Ke6 59. Be5 h6 60. Ke2 Kd7 61. Kd3 Kc6 62. Kd4 h5 63. h4 Kb5 64. Kxd5 Kxb4 65. e4 Kxa5 66. exf5 Nb6+ 67. Kc6 1-0

[Event "Copenhagen AS04 Centenary"]
[Site "Copenhagen"]
[Date "2004.02.10"]
[Round "4"]
[White "Moller, Frederik Oest"]
[Black "Damm, Kasper Wilken"]
[Result "0-1"]
[WhiteElo "1897"]
[BlackElo "2169"]
[PlyCount "70"]
[EventDate "2004.02.07"]
[EventType "swiss"]
[EventRounds "9"]
[EventCountry "DEN"]
[SourceTitle "CBM 098 Extra"]
[Source "ChessBase"]
[SourceDate "2004.03.10"]
[SourceVersion "2"]
[SourceVersionDate "2004.03.10"]
[SourceQuality "1"]

1. e4 c5 2. Nf3 Nc6 3. d4 cxd4 4. Nxd4 Nf6 5. Nc3 e5 6. Ndb5 d6 7. Nd5 Nxd5 8. exd5 Nb8 9. c4 Be7 10. Bd3 a6 11. Nc3 0-0 12. 0-0 f5 13. f4 e4 14. Bc2 b5 15. b3 Bf6 16. Qd2 b4 17. Ne2 Bxa1 18. Qxb4 a5 19. Qe1 Qb6+ 20. Kh1 Bf6 21. Qg3 Na6 22. Be3 Qc7 23. Nd4 a4 24. Qe1 axb3 25. axb3 Bd7 26. h3 Nc5 27. Qd1 Qc8 28. Rg1 Qe8 29. g4 fxg4 30. hxg4 Nd3 31. f5 Bxd4 32. Bxd4 Rf6 33. Rg2 Rh6+ 34. Kg1 Nf4 35. Rg3 Rh3 0-1

[Event "Copenhagen-ch"]
[Site "Copenhagen"]
[Date "2003.02.09"]
[Round "4"]
[White "Jensen, Kim Roper"]
[Black "Moller, Frederik Oest"]
[Result "1-0"]
[WhiteElo "1790"]
[BlackElo "1593"]
[PlyCount "127"]
[EventDate "2003.02.07"]
[EventType "swiss"]
[EventRounds "9"]
[EventCountry "DEN"]
[SourceTitle "EXT 2018"]
[Source "ChessBase"]
[SourceDate "2017.10.13"]
[SourceVersion "1"]
[SourceVersionDate "2017.10.13"]
[SourceQuality "1"]

1. f4 d5 2. g3 c5 3. Bg2 Nc6 4. Nf3 Nf6 5. 0-0 Bg4 6. d3 e6 7. c3 Bd6 8. Qe1 0-0 9. e4 Bc7 10. Na3 Nd7 11. Be3 a6 12. Qf2 Qe7 13. Rae1 dxe4 14. dxe4 f6 15. Nc2 Rad8 16. Bc1 h6 17. Ne3 Bh5 18. b3 b5 19. Ba3 Bd6 20. Nd2 e5 21. Nd5 Qe8 22. f5 b4 23. Nc4 Be7 24. Nc7 Qf7 25. Bb2 Rc8 26. Ne6 Rfe8 27. Ne3 Kh8 28. g4 bxc3 29. Bxc3 Nd4 30. gxh5 Qxh5 31. Bf3 Qf7 32. Qh4 Nxe6 33. Bh5 Qg8 34. Bxe8 Rxe8 35. fxe6 Qxe6 36. Nd5 Bd8 37. Bd2 f5 38. Qh3 fxe4 39. Qxe6 Rxe6 40. Rf7 Rd6 41. Bxh6 gxh6 42. Ne3 Bg5 43. Nf5 Rd3 44. Rxe4 Nf6 45. Rxe5 Rd1+ 46. Kf2 Rd2+ 47. Kf1 Rxh2 48. Rxc5 Rf2+ 49. Ke1 Rxa2 50. Rc8+ Ng8 51. Rg7 Ra1+ 52. Ke2 Ra2+ 53. Kd3 Rd2+ 54. Ke4 Rd8 55. Rcc7 Nf6+ 56. Ke5 Ng4+ 57. Ke6 Nf6 58. Rxg5 Nd5 59. Rgg7 Nxc7+ 60. Rxc7 h5 61. Kf6 Rg8 62. Nh4 Rg4 63. Ng6+ Kg8 64. Rg7# 1-0

[Event "Copenhagen-ch"]
[Site "Copenhagen"]
[Date "2003.02.08"]
[Round "2"]
[White "Hansen, Flemming Haupt"]
[Black "Moller, Frederik Oest"]
[Result "1-0"]
[WhiteElo "2150"]
[BlackElo "1593"]
[PlyCount "47"]
[EventDate "2003.02.07"]
[EventType "swiss"]
[EventRounds "9"]
[EventCountry "DEN"]
[SourceTitle "EXT 2018"]
[Source "ChessBase"]
[SourceDate "2017.10.13"]
[SourceVersion "1"]
[SourceVersionDate "2017.10.13"]
[SourceQuality "1"]

1. d4 d5 2. c4 e6 3. Nc3 Nf6 4. Nf3 Bb4 5. Bg5 b6 6. Qa4+ Bd7 7. Qxb4 Nc6 8. Qa3 h6 9. Bxf6 Qxf6 10. cxd5 Nxd4 11. Nxd4 Qxd4 12. e3 Qg4 13. Be2 Qxg2 14. 0-0-0 Qxf2 15. dxe6 Qxe3+ 16. Kb1 fxe6 17. Bh5+ Kd8 18. Qa4 Kc8 19. Qxd7+ Kb8 20. Rhe1 Qf4 21. Rf1 Qxh2 22. Bf3 g5 23. Qd8+ Rxd8 24. Rxd8# 1-0

[Event "Politiken Cup 24th"]
[Site "Copenhagen"]
[Date "2002.07.26"]
[Round "11"]
[White "Moller, Frederik Oest"]
[Black "Taksrud, Vidar"]
[Result "0-1"]
[WhiteElo "1479"]
[BlackElo "2205"]
[PlyCount "64"]
[EventDate "2002.07.15"]
[EventType "swiss"]
[EventRounds "11"]
[EventCountry "DEN"]
[SourceTitle "CBM 089 Extra"]
[Source "ChessBase"]
[SourceDate "2002.09.10"]
[SourceVersion "2"]
[SourceVersionDate "2002.09.10"]
[SourceQuality "1"]

1. e4 c5 2. Nf3 e6 3. d4 cxd4 4. Nxd4 Nc6 5. Nc3 Qc7 6. Be2 a6 7. a4 Nf6 8. Bg5 Be7 9. 0-0 0-0 10. Kh1 h6 11. Bxf6 Bxf6 12. Nxc6 bxc6 13. f4 d5 14. e5 Be7 15. Bd3 c5 16. Qh5 c4 17. Be2 Rd8 18. Bg4 Bf8 19. Bf3 Rb8 20. Rab1 g6 21. Qg4 Bg7 22. h4 h5 23. Qg5 Bb7 24. g4 hxg4 25. Qxg4 d4 26. Ne4 Bxe4 27. Bxe4 d3 28. cxd3 cxd3 29. Rg1 Rb4 30. Bf3 Bxe5 31. h5 Rxf4 32. Qh3 Kg7 0-1

[Event "Politiken Cup 24th"]
[Site "Copenhagen"]
[Date "2002.07.21"]
[Round "7"]
[White "Moller, Frederik Oest"]
[Black "Preuss, Flemming"]
[Result "0-1"]
[WhiteElo "1479"]
[BlackElo "2063"]
[PlyCount "78"]
[EventDate "2002.07.15"]
[EventType "swiss"]
[EventRounds "11"]
[EventCountry "DEN"]
[SourceTitle "CBM 089 Extra"]
[Source "ChessBase"]
[SourceDate "2002.09.10"]
[SourceVersion "2"]
[SourceVersionDate "2002.09.10"]
[SourceQuality "1"]

1. e4 e5 2. Nf3 d6 3. Nc3 Nf6 4. h3 Be7 5. Bc4 c6 6. d4 Nbd7 7. dxe5 dxe5 8. 0-0 0-0 9. Bg5 Qc7 10. Qd2 b5 11. Bb3 Nc5 12. Bxf6 Bxf6 13. Qe3 Be7 14. Rad1 a5 15. a3 Nxb3 16. cxb3 Be6 17. Ne2 Rfd8 18. Qc3 f6 19. Ng3 g6 20. Qe3 Kg7 21. Ne2 Rab8 22. Rc1 Rd6 23. Rfd1 Rbd8 24. Rxd6 Rxd6 25. Nd2 Qd7 26. Nf3 Rd3 27. Qb6 Rd1+ 28. Ne1 Bxb3 29. Kh2 a4 30. Nf3 Rxc1 31. Nxc1 Bc4 32. Qe3 Qd1 33. Qd2 Qxd2 34. Nxd2 Be6 35. Nd3 c5 36. Kg1 b4 37. Nb1 Bc4 38. Nc1 f5 39. exf5 Bg5 0-1

[Event "Politiken Cup 24th"]
[Site "Copenhagen"]
[Date "2002.07.18"]
[Round "4"]
[White "Lie, Terje"]
[Black "Moller, Frederik Oest"]
[Result "0-1"]
[WhiteElo "1913"]
[BlackElo "1479"]
[PlyCount "138"]
[EventDate "2002.07.15"]
[EventType "swiss"]
[EventRounds "11"]
[EventCountry "DEN"]
[SourceTitle "CBM 089 Extra"]
[Source "ChessBase"]
[SourceDate "2002.09.10"]
[SourceVersion "2"]
[SourceVersionDate "2002.09.10"]
[SourceQuality "1"]

1. d4 d5 2. c4 e6 3. Nc3 Nf6 4. e3 b6 5. cxd5 exd5 6. Bd3 Be6 7. Nf3 Nbd7 8. 0-0 Be7 9. Qc2 c5 10. Bb5 cxd4 11. Nxd4 0-0 12. Nc6 Qe8 13. Rd1 a6 14. Nxe7+ Qxe7 15. Bd3 Nc5 16. Be2 Rfc8 17. Bf3 Nce4 18. Qd3 Nxc3 19. bxc3 Qc5 20. Bb2 Qc4 21. Qd4 Qxd4 22. exd4 Rc7 23. Rac1 Rac8 24. Rd2 Rc4 25. Be2 R4c7 26. Ba1 b5 27. a3 Nd7 28. Bd3 Nb6 29. Rdc2 h6 30. h3 Kf8 31. Rb1 Na4 32. Rbc1 Ke7 33. g4 Kf6 34. Kg2 Kg5 35. Kg3 f5 36. h4+ Kf6 37. f3 g6 38. c4 bxc4 39. Bxc4 Rxc4 40. Rxc4 Rxc4 41. Rxc4 dxc4 42. d5+ Ke7 43. dxe6 c3 44. h5 gxh5 45. Bxc3 Nxc3 46. gxf5 Nd5 47. Kh4 Ne3 48. Kxh5 Nxf5 49. Kg4 Kxe6 50. Kf4 Kf6 51. Kg4 Kg6 52. f4 h5+ 53. Kh3 h4 54. Kg4 h3 55. Kxh3 Kh5 56. Kg2 Kg4 57. Kf1 Kxf4 58. Ke2 Ke4 59. Kd2 Kd4 60. Kc2 Kc4 61. Kb2 a5 62. Kc2 a4 63. Kb2 Nd4 64. Ka2 Kc3 65. Kb1 Kb3 66. Ka1 Nc2+ 67. Kb1 Nxa3+ 68. Ka1 Nc2+ 69. Kb1 a3 0-1

[Event "Taastrup Aktiv-Alliancen D"]
[Site "Taastrup"]
[Date "2002.01.27"]
[Round "5"]
[White "Moller, Frederik Oest"]
[Black "Larsen, Vagn Voldbro"]
[Result "1-0"]
[WhiteElo "1431"]
[BlackElo "1447"]
[PlyCount "43"]
[EventDate "2002.01.25"]
[EventType "tourn"]
[EventRounds "5"]
[EventCountry "DEN"]
[SourceTitle "EXT 2023"]
[Source "ChessBase"]
[SourceDate "2022.10.05"]
[SourceVersion "1"]
[SourceVersionDate "2022.10.05"]
[SourceQuality "1"]

1. e4 c5 2. Nf3 Nc6 3. d4 cxd4 4. Nxd4 d6 5. Bc4 Nf6 6. Nc3 g6 7. Be3 Bg7 8. f3 0-0 9. Qd2 Ne5 10. Bb3 b6 11. 0-0-0 Ba6 12. h4 Nc4 13. Bxc4 Bxc4 14. g4 h5 15. Rdg1 Qc8 16. Bg5 e5 17. Bxf6 exd4 18. Bxg7 Kxg7 19. Qxd4+ Kh6 20. Qe3+ Kh7 21. gxh5 gxh5 22. Qg5 1-0